| 000 | 00825cab a2200265 4500 | ||
|---|---|---|---|
| 001 | WB3241-57 | ||
| 008 | 090401t1996 xxu||||| |||| 00| 0 eng d | ||
| 035 | _a(Sirsi) u40049 | ||
| 041 | _aeng | ||
| 245 | _aRural England 1996 | ||
| 260 | _c1996 | ||
| 350 | _a0 | ||
| 490 |
_aDoE News Release _v(437) 24 October 1996, (4) |
||
| 520 | _a"Rural England 1996" reports on the progress made in meeting the commitments set out in last year`s Rural White Paper for improvement in the rural community. Lists achievements and further targets. | ||
| 650 | _aCOUNTRYSIDE | ||
| 650 | _aPPG7 | ||
| 650 | _aRURAL ENGLAND 1996 | ||
| 650 | _aRURAL PLANNING | ||
| 650 | _aRURAL WHITE PAPER | ||
| 650 | _aSUSTAINABLE DEVELOPMENT | ||
| 650 | _aVILLAGE SHOPS | ||
| 690 | _aRURAL PRACTICE | ||
| 942 | _n0 | ||
| 948 | _c04/03/1997 | ||
| 999 |
_c25650 _d25650 |
||